<?xml version="1.0" encoding="UTF-8"?>
<marc:record xmlns:marc="http://www.loc.gov/MARC21/slim">
   <marc:leader>00000nam a2200000 a 4500</marc:leader>
   <marc:datafield ind1="1" ind2=" " tag="100">
      <marc:subfield code="a">Macht ja nix!</marc:subfield>
      <marc:subfield code="4">aut</marc:subfield>
      <marc:subfield code="e">Verfasser/-in</marc:subfield>
   </marc:datafield>
   <marc:datafield ind1=" " ind2=" " tag="653">
      <marc:subfield code="a">Reihe</marc:subfield>
   </marc:datafield>
   <marc:datafield ind1=" " ind2=" " tag="653">
      <marc:subfield code="a">Rabe</marc:subfield>
   </marc:datafield>
   <marc:datafield ind1=" " ind2=" " tag="653">
      <marc:subfield code="a">Bilderbuch</marc:subfield>
   </marc:datafield>
   <marc:datafield ind1="0" ind2="0" tag="245">
      <marc:subfield code="a">Rabe Socke. Macht ja nix!</marc:subfield>
   </marc:datafield>
   <marc:datafield ind1=" " ind2="1" tag="264">
      <marc:subfield code="a">Esslingen</marc:subfield>
      <marc:subfield code="b">Esslinger</marc:subfield>
      <marc:subfield code="c">1998</marc:subfield>
   </marc:datafield>
   <marc:datafield ind1="1" ind2=" " tag="490">
      <marc:subfield code="a">Rabe Socke</marc:subfield>
      <marc:subfield code="v">Macht ja nix!</marc:subfield>
   </marc:datafield>
   <marc:datafield ind1="1" ind2=" " tag="520">
      <marc:subfield code="a">Alles halb so schlimm &#x96; eine fröhliche Schiefgeh-und-Wiedergutwerde-Geschichte vom kleinen Raben Socke und seinen Freunden!##Eigentlich will Eddi-Bär seinen Freunden nur zeigen, dass er supertoll Dreirad fahren kann, aber leider hat er heute einen absoluten Pechtag erwischt. Erst geht ein Stuhl zu Bruch, dann kippt der Honigtopf um, beim Wasserholen wird alles pudelnass und am Schluss kracht sogar die Theaterbühne unter ihm zusammen. Kein Wunder, dass seine Freunde ziemlich sauer auf ihn sind und der kleine Rabe Socke ihn deswegen ganz schön piesackt. Aber Eddi-Bär hat die Sachen ja nicht mit Absicht kaputt gemacht und so ein Missgeschick kann doch jedem mal passieren, oder?##Mehr vom kleinen Raben Socke unter: www.allesrabesocke.de</marc:subfield>
   </marc:datafield>
   <marc:datafield ind1=" " ind2=" " tag="020">
      <marc:subfield code="a">9783480203581</marc:subfield>
      <marc:subfield code="9">9783480203581</marc:subfield>
   </marc:datafield>
   <marc:datafield ind1=" " ind2=" " tag="041">
      <marc:subfield code="a">ger</marc:subfield>
   </marc:datafield>
   <marc:datafield ind1=" " ind2=" " tag="300">
      <marc:subfield code="a">30 S.</marc:subfield>
   </marc:datafield>
</marc:record>
